Zákon o energetike
Doterajšie zákony o energetike v histórii Slovenska. Nový zákon o energetike č. 70/1998 Z.z. Hlavný zámer novej právnej úpravy - liberalizácia podnikania v energetike. Štyri základné princípy liberalizácie. Úpravy v novom zákone prispôsobené ekonomike SR. Základné podmienky podnikania v energetike....
Na minha lista:
| Autor principal: | |
|---|---|
| Formato: | Livro |
| Idioma: | eslovaco |
| Assuntos: | |
| Tags: |
Sem tags, seja o primeiro a adicionar uma tag!
|
MARC
| LEADER | 00000nam a2200000 4500 | ||
|---|---|---|---|
| 001 | r031814 | ||
| 005 | 20230824094918.1 | ||
| 041 | 0 | |a slo | |
| 044 | |a SK | ||
| 245 | 1 | 0 | |a Zákon o energetike |c Andrej Gerstner |
| 520 | |a Doterajšie zákony o energetike v histórii Slovenska. Nový zákon o energetike č. 70/1998 Z.z. Hlavný zámer novej právnej úpravy - liberalizácia podnikania v energetike. Štyri základné princípy liberalizácie. Úpravy v novom zákone prispôsobené ekonomike SR. Základné podmienky podnikania v energetike. Štátna regulácia podmienok podnikania v energetike. Porovnanie zákona o energetike s právnymi predpismi Európskej únie. Prechodné ustanovenia zákona o energetike. | ||
| 610 | 2 | 0 | |a energetika |
| 610 | 2 | 0 | |a výroba energie |
| 610 | 2 | 0 | |a zákony |
| 610 | 2 | 0 | |a úpravy právne |
| 610 | 2 | 0 | |a liberalizácia |
| 610 | 2 | 0 | |a legislatíva |
| 610 | 2 | 0 | |a podnikanie |
| 610 | 2 | 0 | |a živnostníci |
| 610 | 2 | 0 | |a Európska únia |
| 610 | 2 | 0 | |a Slovensko |
| 610 | 2 | 0 | |a 1998 |
| 100 | 1 | |a Gerstner, Andrej | |